| 000 | 03613nam a2200457 i 4500 | ||
|---|---|---|---|
| 003 | DO-SdBNP | ||
| 005 | 20250813102306.0 | ||
| 007 | ta | ||
| 008 | 250813b2025 dr o ||| |||| 000 0 spa d | ||
| 020 | _a9789945292589 | ||
| 040 |
_aDO-SdBNP _bspa _cBNPHU _erda |
||
| 041 | _aspa | ||
| 082 |
_axxx _bL865 _222 |
||
| 100 | 1 |
_aLora, Fanny _eautora _4aut. _930255 |
|
| 245 | 1 | 0 |
_aMotivos para celebrar : _bguía esencial para eventos en casa y grandes festividades / _cFanny Lora ; prólogo, Jaime Sued ; edición, Carmen Rita Malagón, Michelle Del Villar ; fotografías, Alberto Liranzo, Félix Sepúlveda, Gabriel Franco, Guarionex Pichardo, Jenna Pérez y otros |
| 250 | _aPrimera edición | ||
| 264 | 4 |
_aSanto Domingo : _b[editor no identificado], _c©2025. |
|
| 300 |
_a274 Páginas : _bfotografías _c27 cm. |
||
| 336 |
_atexto _btxt _2rdacontent |
||
| 337 |
_asin mediación _bn _2rdamedia |
||
| 338 |
_avolumen _bnc _2rdacarrier |
||
| 500 | _aEncuadernación en pasta dura o cartoné. | ||
| 500 | _aConsejos e inspiraciones. | ||
| 505 | 2 |
_gFanny home -- _tSobre Fanny home -- _tTextiles -- _tPiezas de barro / _gCelebraciones en casa -- _tMotivos para celebrar -- _tDía de las madres -- _tCelebrando a papá -- _tQue los cumplas feliz -- _tCena para dos -- _tCafé compartido -- _tCelebraciones al aire libre -- _tEncuentro entre chicas -- _tBuen anfitrión, buen invitado -- _tCena de acciòn de gracias -- _tLlegó la navidad / _gCelebraciones en grande -- _tEl placer de celebrar -- _tIndustrial y romántica -- _tPartimos para la Toscana -- _tUn cuento de hadas -- _tUn jardín para la novia -- _tEn la costa Amalfiana -- _tEl ramo de la novia -- _tLa ceremonia -- _tLa pista de baile / _gProcigar -- _tUna aventura compartida -- _tSomos Caribe, somos color 2018 -- _tEl barro de mi tierra 2019 -- _tEl tròpico en siluetas 2020 -- _tEl trópico en matices 2022 -- _tCenas de gala procigar -- _tPiezas en subasta -- _tMemorias de tabaco / |
|
| 520 | _aFanny Lora, interiorista, creadora artesanal y visionaria en la organización de eventos, comparte su mundo de formas, texturas y emociones a través de tres pilares fundamentales: el diseño de espacios únicos, la magia de las celebraciones en casa y el esplendor de los grandes eventos. Desde las piezas de barro moldeadas con sus propias manos hasta textiles que transforman mesas en escenarios vibrantes, "Fanny Home" revela el corazón creativo detrás de cada proyecto. En "Celebraciones en Casa", Fanny invita a los lectores a descubrir el arte de ser un buen anfitrión, con consejos prácticos, recetas deliciosas y detalles que hacen cada encuentro algo memorable. En "Celebraciones en Grande", su capitulo final, nos muestra cómo la esencia de cada pareja o empresa se convierten en bodas y eventos inolvidables, donde la atención al detalle es clave. | ||
| 590 | _aInventariado, 2025/ YL | ||
| 700 | 1 |
_aSued, Jaime _eprologuista _4pr. _985685 |
|
| 700 | 1 |
_a, Carmen Rita Malagón _eedición _4ed. _988490 |
|
| 700 | 1 |
_a, Michelle Del Villar _eedición _4ed. _988491 |
|
| 700 | 1 |
_aLiranzo, Alberto _efotografías _4fot. _988492 |
|
| 700 | 1 |
_aSepúlveda, Félix _efotografías _4fot. _943009 |
|
| 700 | 1 |
_aFranco, Gabriel _efotografías _4fot. _988493 |
|
| 700 | 1 |
_aPichardo, Guarionex _efotografías _4fot. _988494 |
|
| 700 | 1 |
_aPérez, Jenna _efotografías _4fot. _988495 |
|
| 700 | 1 |
_aSánchez, Melody _efotografías _4fot. _988496 |
|
| 700 | 1 |
_aMaunier, Michelle _efotografías _4fot. _988497 |
|
| 700 | 1 |
_aWachao, Michy _efotografías _4fot. _988498 |
|
| 700 | 1 |
_aBencosme, Misael _efotografías _4fot. _988499 |
|
| 910 | _aYlockward | ||
| 942 |
_2ddc _cLBS1 |
||
| 999 |
_c59784 _d59784 |
||